000
00197 a2200097 4500
020
_a
9786074295993
041
_a
spa
100
_a
Coelho, Paulo
245
_a
Ser somo el rio que fluye
942
_c
BK
999
_c
11154
_d
11154